Servant of the Word : (Record no. 2272)

MARC details
000 -LEADER
fixed length control field 01332cam a22003014a 4500
001 - CONTROL NUMBER
control field 11988966
003 - CONTROL NUMBER IDENTIFIER
control field GBCCL
005 - DATE AND TIME OF LATEST TRANSACTION
control field 20241126110425.0
008 - FIXED-LENGTH DATA ELEMENTS--GENERAL INFORMATION
fixed length control field 000428s2000 mou b 001 0beng
010 ## -
-- 00009354
020 ## - INTERNATIONAL STANDARD BOOK NUMBER
International Standard Book Number 0570042712
040 ## - CATALOGING SOURCE
Original cataloging agency DLC
Transcribing agency DLC
Modifying agency DLC
042 ## -
-- pcc
043 ## -
-- n-us-mo
050 00 -
-- BX8080.W3
-- S85 2000
082 00 - DEWEY DECIMAL CLASSIFICATION NUMBER
Classification number 284.1092
-- B
Edition information 21
Item number SUE
100 1# - MAIN ENTRY--PERSONAL NAME
Personal name Suelflow, August Robert,
Dates associated with a name 1922-
9 (RLIN) 4399
245 10 - TITLE STATEMENT
Title Servant of the Word :
Remainder of title the life and ministry of C.F.W. Walther /
Statement of responsibility, etc. August R. Suelflow.
260 ## - PUBLICATION, DISTRIBUTION, ETC.
Place of publication, distribution, etc. St. Louis :
Name of publisher, distributor, etc. Concordia Pub.,
Date of publication, distribution, etc. c2001.
300 ## - PHYSICAL DESCRIPTION
Extent 299 p. ;
Dimensions 24 cm.
504 ## - BIBLIOGRAPHY, ETC. NOTE
Bibliography, etc. note Includes bibliographical references and index.
505 0# - FORMATTED CONTENTS NOTE
Formatted contents note It began in Europe -- New horizons in America -- Light from above -- In unity of faith and spirit -- We believe, teach, and confess -- Other church cousins -- Love, honor, and respect -- Some glimpses into Walther's life -- Forever with the Lord.
600 10 - SUBJECT ADDED ENTRY--PERSONAL NAME
Personal name Walther, C. F. W.
Fuller form of name (Carl Ferdinand Wilhelm),
Dates associated with a name 1811-1887.
9 (RLIN) 4168
610 20 - SUBJECT ADDED ENTRY--CORPORATE NAME
Corporate name or jurisdiction name as entry element Lutheran Church--Missouri Synod
General subdivision Clergy
Form subdivision Biography.
9 (RLIN) 4680
906 ## - LOCAL DATA ELEMENT F, LDF (RLIN)
a 7
b cbc
c orignew
d 1
e ecip
f 20
g y-gencatlg
942 ## - ADDED ENTRY ELEMENTS (KOHA)
Source of classification or shelving scheme Dewey Decimal Classification
Koha item type Books
Holdings
Withdrawn status Lost status Source of classification or shelving scheme Damaged status Not for loan Home library Current Library Shelving location Date acquired Total checkouts Full call number Barcode Date last seen Copy number Price effective from Koha item type
    Dewey Decimal Classification     GRACE BIBLE COLLEGE GRACE BIBLE COLLEGE Church History 2017-07-20   284.1092 SUE 012648 2025-05-01 c.2 2017-07-20 Books
    Dewey Decimal Classification     GRACE BIBLE COLLEGE GRACE BIBLE COLLEGE Church History 2017-07-20   284.1092 SUE 007378 2025-05-01 c.1 2017-07-20 Books
© Grace Bible College Library 2025